Warrior cats G names - Statistics

General Stats
  • This quiz has been taken 15 times
    12 since last reset
  • The average score is 16 of 40
Answer Stats
% Correct
Gorsestar
100%
Goosefeather
86%
Gorsepaw
86%
Grass
71%
Grassheart
71%
Gray sky before dawn
71%
Graystripe
71%
Gray wing
71%
Graywing
71%
Goldenstar
57%
GorseclawRc
57%
GorseclawTc
57%
GorseclawWc
57%
GorsetailPot
57%
GorsetailTnp
57%
Grasspelt
57%
Graypool
57%
Goldenpaw
43%
Gorsefoot
43%
Grassfur
43%
Graytail
43%
Graywhisker
43%
Gullswoop
43%
Goldenflower
29%
Gooseberry
29%
Grasswhisker
29%
Galestar
14%
Grassfoot
14%
Gravelnose
14%
Graymist
14%
Greeneyes
14%
Greenflower
14%
Gremlin
14%
Growler
14%
Gust whistles through mountain
14%
Galekit
0%
Goldenleaf
0%
Graysky
0%
Grub
0%
Gustwhisker
0%
No matching quizzes found
Score Distribution
Percent of People with Each Score
Percentile by Number Answered
Your Score History
You have not taken this quiz since the last reset